| 000 | 01354nem0a2200313 4500 | ||
|---|---|---|---|
| 001 | RU\NLR\BIBL_A\022155896 | ||
| 005 | 20250625142502.0 | ||
| 010 |
_a588143143-Х _95 000 |
||
| 035 | _a(NLR Aleph) 022155896 | ||
| 090 |
_a12906540 _c12906540 |
||
| 100 | _a20240304d2007 |||y0rusy50 ca | ||
| 101 | 0 | _arus | |
| 102 | _aRU | ||
| 120 | _abay xx|| | ||
| 123 | 1 |
_aa _b35000 |
|
| 200 | 1 |
_aВыборг _bКарты _eТуристическая и автокарта _fСост. и подгот. к изданию ООО "Медиа Плюс" |
|
| 206 | _a1:35 000, 350 м в 1 см | ||
| 210 |
_aМосква _cМедиа Плюс _d2007 |
||
| 215 |
_a1 к. _cцв., ил., текст _d70х50 см, слож. 25х10 см |
||
| 309 | _aДвусторон. печать | ||
| 509 | 0 | 1 |
_7ca _aВыборг, _eЛенинградская обл. _hгород _92633722 _3RU\NLR\auth_crt\55548 |
| 607 |
_aВыборг, город (Ленинградская область) _jКарты _92137711 _3RU\NLR\AUTH\661593238 |
||
| 608 |
_aТуристские карты _91327502 _3RU\NLR\AUTH\66551871 |
||
| 608 |
_aПланы городов _91238803 _3RU\NLR\AUTH\66188402 |
||
| 608 |
_aКарты автомобильных дорог _92294011 _3RU\NLR\AUTH\6601600943 |
||
| 852 |
_aNLR _bК _j4-План 2/3031 _m91327 |
||
| 942 | _cMAP | ||
| 980 | _aNB | ||